000 00898nam a2200301Ia 4500
001 13516
003 IT-RoPAU
008 130308s9999 xx 000 0 und d
040 _aIT-RoPAU
040 _cIT-RoPAU
041 _aFRANCESE
100 _aKrysinski Wladimir
100 _gCodice Aut. SPICS: 4229
245 _a"Isotopie et dislocation des codes dans ""Six personnages en quete d'auteur"""
245 _bA Semiotic Landscape/Panorama Semiotique
250 _a1a ed.
260 _aTHE HAGUE
260 _bMouton
260 _c1979 [1° Ed.:1979 - Ed.Ling.Originale:1974]
300 _a"3 p. (prefazione: no ; testo: 3 [pagine: 882-884])"
500 _a"Isotopia e Dislocazione dei codici nell'opera ""Sei Personaggi in Cerca di Autore"""
650 _aSEMIOLOGIA
650 _eCodice materia Spics: 3251
942 _cBK
957 _71
999 _c40838
_d40838
999 _bSI
999 _g1